| 000 | 00552nam a2200181 a 4500 | ||
|---|---|---|---|
| 005 | 20140310183346.0 | ||
| 008 | 070212s19uu xx 00 eng d | ||
| 020 | _a1843307073 | ||
| 050 |
_aND 2420 _b.P324 2004 |
||
| 100 | _aPaul, Tony | ||
| 245 |
_aHow to create light in your paintings : _bthe artist's guide to using tone effectively / _cTony Paul |
||
| 260 |
_aLondon : _bNew Holland Publishers, _c2004. |
||
| 300 |
_a128 p. : _bcol. ill. ; _c28 cm. |
||
| 521 | _aMA | ||
| 650 |
_aPainting _xTechnique. |
||
| 942 |
_cBK _2lcc _kFOR |
||
| 999 |
_c21948 _d21948 |
||